Welcome to the Holygrace Academy Library

Please use search bar below to get started

INDIAN BAHIRAKASHA CHARITRAM (Record no. 1039)

MARC details
000 -LEADER
fixed length control field 00302nam a22001217a 4500
082 ## - DEWEY DECIMAL CLASSIFICATION NUMBER
Classification number 894.812
Item number SRE/I
100 ## - MAIN ENTRY--AUTHOR NAME
Personal name PROF.K.SREEDHARAN
245 ## - TITLE STATEMENT
Title INDIAN BAHIRAKASHA CHARITRAM
260 ## - PUBLICATION, DISTRIBUTION, ETC. (IMPRINT)
Place of publication THRICHUR
Name of publisher KERALA SASTRA SAHITHYA PARISHATH
300 ## - PHYSICAL DESCRIPTION
Number of Pages 91
650 ## - SUBJECT ADDED ENTRY--TOPICAL TERM
Topical Term GENERAL KNOWLEDGE
Geographic subdivision KERALA
942 ## - ADDED ENTRY ELEMENTS (KOHA)
Koha item type Books
Holdings
Withdrawn status Lost status Collection code Home library Current library Shelving location Date acquired Source of acquisition Cost, normal purchase price Full call number Accession Number Koha item type
    Reference Main Library Main Library   05/02/2020 purchase 23.00 894.812 SRE/I 12423 Books